General topology and homotopy theory /
Guardado en:
| Autor Principal: | |
|---|---|
| Formato: | Libro |
| Idioma: | English |
| Publicado: |
New York :
Springer-Verlag,
c1984.
|
| Materias: | |
| Etiquetas: |
Agregar Etiqueta
Sin Etiquetas, Sea el primero en etiquetar este registro!
|
| LEADER | 00660pam a2200205 a 4500 | ||
|---|---|---|---|
| 001 | MAT.inmabb003771 | ||
| 008 | 840326s1984####nyua#####b####001#0#eng## | ||
| 005 | 20130311135106.0 | ||
| 245 | 1 | 0 | |a General topology and homotopy theory / |c I. M. James. |
| 260 | |a New York : |b Springer-Verlag, |c c1984. | ||
| 300 | |a 248 p. : |b il. ; |c 25 cm. | ||
| 504 | |a Incluye referencias bibliográficas e índice. | ||
| 510 | 4 | |a MR, |c 86d:55001 | |
| 020 | |a 0387909702 | ||
| 100 | 1 | |a James, I. M. |q (Ioan Mackenzie), |d 1928- | |
| 650 | 0 | |a Topology. | |
| 084 | |a 55-01 (18-01 22-01 54-01) |2 msc2000 | ||
| 010 | |a 84005435 | ||
| 040 | |a DLC |c DLC |d DLC | ||
| 859 | |h 55 |i J27 |p A-6000 |b BIB. MATEMATICA | ||
